National Assembly Library of Thailand

แสงส่องใจ ประวัติพระราชวังเดิม กรุงธนบุรี และสถานที่ราชการทหารเรือบางแห่ง (ระเบียนเลขที่ 23918)

รายละเอียดในรูปแบบ MARC
000 -LEADER
fixed length control field 00929nam a22002057a 4500
005 - DATE AND TIME OF LATEST TRANSACTION
control field 20210922162613.0
008 - FIXED-LENGTH DATA ELEMENTS--GENERAL INFORMATION
fixed length control field s2518 th tha d
040 ## - CATALOGING SOURCE
Original cataloging agency NALT
041 ## - LANGUAGE CODE
Language code of text/sound track or separate title tha
090 ## - LOCALLY ASSIGNED LC-TYPE CALL NUMBER (OCLC); LOCAL CALL NUMBER (RLIN)
Classification number (OCLC) (R) ; Classification number, CALL (RLIN) (NR) อศ ช351ส 2518
245 10 - TITLE STATEMENT
Title แสงส่องใจ ประวัติพระราชวังเดิม กรุงธนบุรี และสถานที่ราชการทหารเรือบางแห่ง
260 3# - PUBLICATION, DISTRIBUTION, ETC.
Place of publication, distribution, etc. ม.ป.ท. :
Name of publisher, distributor, etc. โรงพิมพ์กรมสารบรรณทหารเรือ,
Date of publication, distribution, etc. 2518
300 ## - PHYSICAL DESCRIPTION
Extent 48 หน้า :
Other physical details ภาพประกอบ
650 04 - SUBJECT ADDED ENTRY--TOPICAL TERM
Topical term or geographic name entry element ชัช จุลละรัต, 2454--2517
650 04 - SUBJECT ADDED ENTRY--TOPICAL TERM
Topical term or geographic name entry element ป้อมพระจุลจอมเกล้า
650 04 - SUBJECT ADDED ENTRY--TOPICAL TERM
Topical term or geographic name entry element พระราชวังเดิม
850 ## - HOLDING INSTITUTION
Holding institution NALT
856 40 - ELECTRONIC LOCATION AND ACCESS
Uniform Resource Identifier <a href="https://dl.parliament.go.th/handle/lirt/586185">https://dl.parliament.go.th/handle/lirt/586185</a>
942 ## - ADDED ENTRY ELEMENTS (KOHA)
Koha item type Cremation Book
Source of classification or shelving scheme Library of Congress Classification
998 ## - LOCAL CONTROL INFORMATION (RLIN)
-- 4612
-- วัลยา พุ่มต้นวงค์
รายการที่มีในห้องสมุด
Withdrawn status Lost status Damaged status Not for loan Collection code Home library Current library Total Checkouts Full call number Barcode Date last seen Price effective from Koha item type
        Cremation collection National Assembly Library of Thailand National Assembly Library of Thailand   อศ ช351ส 2518 3961115703 09/06/2017 09/06/2017 Cremation Book
หอสมุดรัฐสภา
สำนักงานเลขาธิการสภาผู้แทนราษฎร เลขที่ 1111 ถนนสามเสน แขวงถนนนครไชยศรี เขตดุสิต กรุงเทพฯ 10300
The Secretariat of the House of Representatives 1111 Samsen Road, Thanon Nakhon Chai Si, Dusit, Bangkok 10300, THAILAND
โทรศัพท์: +66(0) 2242 5900 ต่อ 5714-5 โทรสาร: +66(0) 2242 5990 อีเมล: [email protected]